Normale Ansicht MARC-Ansicht ISBD

25 Jahre Staatsvertrag (Titelsatznr. 27310)

[ MARC ]
MARC-Details
000 -Satzkennung
Kontrollfeld mit fester Länge 00986nam a22002051cc4500
001 - Kontrollnummer
Kontrollfeld 029611326+4
003 - Kontrollnummer Identifier
Kontrollfeld RU-10907106
005 - Datum und Zeit der letzten Transaktion
Kontrollfeld 20221118094035.0
008 - Feld mit fester Länge zur physischen Beschreibung - Allgemeine Angaben
Kontrollfeld mit fester Länge 170707m19801982gw |||| 000u ger d
020 ## - Internationale Standardbuchnummer
Internationale Standardbuchnummer 3215045222
035 ## - Systemkontrollnummer
System-Kontrollnummer 029611326
040 ## - Katalogisierungsquelle
Übertragungsstelle RU-10907106
Original-Katalogisierungsstelle RU-10907106
Katalogisierungssprache ger
245 00 - Titel
Titel 25 Jahre Staatsvertrag
Zählung des Teils/der Abteilung eines Werkes 4
Titel eines Teils/einer Abteilung eines Werkes Protokolle des wissenschaftlichen Symposions "Justiz und Zeitgeschichte" 24. und 25. Oktober 1980. "Die österreichische Justiz - die Justiz in Österreich 1933 bis 1955"
246 12 - Titelvarianten
Hauptsachtitel/Kurztitel 25 Jahre Staatsvertrag. Protokolle des wissenschaftlichen Symposions "Justiz und Zeitgeschichte" 24. und 25. Oktober 1980. "Die österreichische Justiz - die Justiz in Österreich 1933 bis 1955"
Zählung des Teils/der Abteilung eines Werkes 4
264 ## - Produktion, Veröffentlichung, Distribution, Herstellung und Urheberrechtsvermerk
Herstellungs-, Veröffentlichungs- Vertriebs-, Erzeugungsort Wien :
Produzent, Herausgeber, Distributor, Hersteller Österreichischer Bundesverl.,
Datum der Herstellung, der Veröffentlichung, des Vertriebs oder des Urheberschutzvermerks 1980 - 1982
300 ## - Physische Beschreibung
Umfang 174 S.
700 1# - Nebeneintragung - Personenname
Personenname Bundesministerium für Wissenschaft und Forschung ... [Gesamtkoordination: Hugo Portisch ...]
Funktionsbezeichnung HerausgeberIn
Koha-Normdatenidentnummer 16935
773 08 - Übergeordnete Einheit
Datensatzkontrollnummer 029611326
Zählung und erste Seite 4
942 ## - Zusätzliche Felder (Koha)
Koha-Medientyp Monographien
Klassifikation oder Aufstellungssystematik Andere/Generische Klassifikation
Exemplare
Ausgeschieden Verloren Klassifikation oder Aufstellungssystematik Beschädigt Nicht entleihbar Heimatbibliothek Aufenthaltsbibliothek Aufstellungsort Erwerbungsdatum Inventarnummer Signatur Barcode Letzte Aktivität Preis gültig von Koha-Medientyp
    Andere/Generische Klassifikation     MWN Osteuropa MWN Osteuropa Lesesaal - 1 07/07/2017 07-01199 X- W 64 E c Por 1 (4) | W 64 E c Por 1 (4) E004015079098252 14/09/2020 22/03/2021 Monographien